[Event "Provence-ch prom Vitrolles 9900"]
[Site "France"]
[Date "2000.??.??"]
[Round "7"]
[White "Pla, Jean"]
[Black "Vivian, J."]
[Result "0-1"]
[WhiteElo "1600"]
[BlackElo "1640"]
[PlyCount "40"]
[EventDate "1999.??.??"]
[EventType "tourn"]
[EventRounds "9"]
[EventCountry "FRA"]
[SourceTitle "EXT 2005"]
[Source "ChessBase"]
[SourceDate "2004.11.15"]
[SourceVersion "1"]
[SourceVersionDate "2004.11.15"]
[SourceQuality "1"]

1. c4 Nf6 2. Nc3 e6 3. Nf3 Be7 4. g3 0-0 5. Bg2 c6 6. 0-0 d5 7. Qb3 Na6 8. d4 Nc7 9. Na4 Nce8 10. Nc5 Nd6 11. Ne5 Qb6 12. cxd5 exd5 13. Bg5 Re8 14. Qxb6 axb6 15. Na4 Rxa4 16. b3 Ra6 17. a4 Nfe4 18. Bxe7 Rxe7 19. Rfe1 Nd2 20. Ra3 b5 0-1

[Event "Majeur-chT 0001"]
[Site "France"]
[Date "2000.??.??"]
[Round "1"]
[White "Roux, Philippe"]
[Black "Vivian, J."]
[Result "1-0"]
[WhiteElo "2030"]
[BlackElo "1760"]
[PlyCount "49"]
[EventDate "2000.??.??"]
[EventType "team"]
[EventRounds "9"]
[EventCountry "FRA"]
[SourceTitle "EXT 2005"]
[Source "ChessBase"]
[SourceDate "2004.11.15"]
[SourceVersion "1"]
[SourceVersionDate "2004.11.15"]
[SourceQuality "1"]

1. e4 c5 2. Nf3 d6 3. d4 cxd4 4. Nxd4 Nf6 5. Nc3 a6 6. f4 e6 7. Bd3 Nc6 8. Nxc6 bxc6 9. 0-0 Qc7 10. Qe2 Bb7 11. Be3 Be7 12. h3 c5 13. f5 d5 14. fxe6 0-0-0 15. Bxa6 fxe6 16. exd5 exd5 17. Bf4 Bd6 18. Nb5 Qb6 19. Bxb7+ Kxb7 20. Nxd6+ Rxd6 21. Bxd6 c4+ 22. Kh1 Qxd6 23. b3 Ne4 24. Rf7+ Ka6 25. Qe3 1-0

[Event "Provence-ch prom Vitrolles 9900"]
[Site "France"]
[Date "1999.??.??"]
[Round "3"]
[White "Teuliere, Celine"]
[Black "Vivian, J."]
[Result "0-1"]
[WhiteElo "1760"]
[BlackElo "1640"]
[PlyCount "152"]
[EventDate "1999.??.??"]
[EventType "tourn"]
[EventRounds "9"]
[EventCountry "FRA"]
[SourceTitle "EXT 2005"]
[Source "ChessBase"]
[SourceDate "2004.11.15"]
[SourceVersion "1"]
[SourceVersionDate "2004.11.15"]
[SourceQuality "1"]

1. f4 d5 2. b3 Nf6 3. Nf3 c5 4. e3 g6 5. Bb2 Bg7 6. Be2 0-0 7. 0-0 Nc6 8. Nc3 Be6 9. Bb5 Qd6 10. Bxc6 bxc6 11. Ba3 Ne4 12. Bb2 Nxc3 13. Bxc3 d4 14. Bb2 Bg4 15. Rb1 e5 16. fxe5 Bxe5 17. h3 Bxf3 18. Qxf3 Rae8 19. Ba3 Re6 20. Rbd1 Rf6 21. Qe2 Re8 22. e4 Qe7 23. d3 Bd6 24. Bc1 Rxf1+ 25. Rxf1 f5 26. Qf3 fxe4 27. dxe4 Rf8 28. Qe2 Qe5 29. Rxf8+ Bxf8 30. Qf3 Bd6 31. Kf2 c4 32. bxc4 c5 33. g3 Qe6 34. Kg2 Qxc4 35. Qb3 Qxb3 36. axb3 Kf7 37. Kf3 Ke6 38. g4 Kd7 39. Bd2 Kc6 40. Bf4 Be7 41. Bg3 Kb5 42. e5 a5 43. Ke4 Kc6 44. Be1 Bd8 45. Bd2 Bb6 46. Bg5 c4 47. e6 d3 48. e7 Kd7 49. bxc4 dxc2 50. Kd3 c1Q 51. e8Q+ Kxe8 52. Bxc1 Kd7 53. Kc3 Ke6 54. Kd3 Ke5 55. Bd2 a4 56. Bb4 Kf4 57. c5 Bc7 58. Be1 a3 59. Kc3 Ba5+ 60. Kb3 a2 61. Kxa2 Bxe1 62. c6 Ba5 63. Kb3 Ke5 64. Kc4 Kd6 65. Kd4 Bd8 66. Ke4 Bf6 67. c7 Kxc7 68. Kf4 h6 69. Kg3 Kd6 70. h4 Ke5 71. h5 g5 72. Kf3 Kd4 73. Kf2 Ke4 74. Kg3 Ke3 75. Kh2 Kf4 76. Kh3 Bd4 0-1

[Event "Provence-ch Majeur op 9899"]
[Site "France"]
[Date "1998.??.??"]
[Round "3"]
[White "Piat, Jerome P"]
[Black "Vivian, J."]
[Result "1-0"]
[WhiteElo "1830"]
[BlackElo "1790"]
[PlyCount "61"]
[EventDate "1998.??.??"]
[EventType "swiss"]
[EventRounds "9"]
[EventCountry "FRA"]
[SourceTitle "EXT 2005"]
[Source "ChessBase"]
[SourceDate "2004.11.15"]
[SourceVersion "1"]
[SourceVersionDate "2004.11.15"]
[SourceQuality "1"]

1. d4 Nf6 2. c4 e6 3. Nc3 Bb4 4. Nf3 b6 5. Bg5 Bb7 6. e3 d6 7. Bd3 Bxc3+ 8. bxc3 Nbd7 9. 0-0 0-0 10. Nd2 c5 11. Qc2 h6 12. Bh4 d5 13. f3 Rc8 14. Qa4 Bc6 15. Qb3 Qc7 16. Bg3 Qb7 17. Rae1 Ne8 18. e4 cxd4 19. cxd4 Ndf6 20. Qa3 Qd7 21. exd5 exd5 22. Re7 Qd8 23. Be5 a5 24. Bf5 Ra8 25. Re1 b5 26. cxb5 Bxb5 27. Qc5 Ba6 28. Bg3 g6 29. Bh3 Nh5 30. Be5 f6 31. Rd7 1-0

[Event "Provence-ch prom Vitrolles 9798"]
[Site "France"]
[Date "1997.??.??"]
[Round "3"]
[White "Vivian, J."]
[Black "Estevez, Dorothee"]
[Result "0-1"]
[WhiteElo "1630"]
[BlackElo "1800"]
[PlyCount "96"]
[EventDate "1997.??.??"]
[EventType "tourn"]
[EventRounds "9"]
[EventCountry "FRA"]
[SourceTitle "EXT 2005"]
[Source "ChessBase"]
[SourceDate "2004.11.15"]
[SourceVersion "1"]
[SourceVersionDate "2004.11.15"]
[SourceQuality "1"]

1. Nf3 c5 2. b3 e6 3. Bb2 Nf6 4. e3 Be7 5. Be2 0-0 6. c4 Nc6 7. 0-0 b6 8. d3 Bb7 9. Nbd2 h6 10. Ne5 d6 11. Nxc6 Bxc6 12. Bf3 Qc7 13. Ne4 Nxe4 14. Bxe4 Bxe4 15. dxe4 Kh7 16. f4 Rad8 17. Qf3 Qd7 18. Rad1 Qc8 19. Rf2 Rd7 20. Rfd2 Rfd8 21. Qg4 Bf8 22. h3 Qb7 23. f5 exf5 24. exf5 d5 25. f6 g6 26. Qf3 Qc7 27. cxd5 Bd6 28. e4 Be5 29. Bxe5 Qxe5 30. Rf1 Re8 31. Re2 Rxd5 32. exd5 Qxe2 33. Qxe2 Rxe2 34. Rf2 Re8 35. Rd2 Rd8 36. Kf2 g5 37. Ke3 Kg6 38. Ke4 Kxf6 39. Rf2+ Ke7 40. Rf5 Re8 41. Re5+ Kd7 42. Rxe8 Kxe8 43. Kf5 Ke7 44. g4 b5 45. Ke4 Kd6 46. b4 cxb4 47. Kd4 a5 48. Ke4 a4 0-1

[Event "Provence-ch access Vitrolles 9596"]
[Site "France"]
[Date "1995.??.??"]
[Round "7"]
[White "Vivian, J."]
[Black "Diaz, Mickael"]
[Result "0-1"]
[WhiteElo "1720"]
[BlackElo "1890"]
[PlyCount "106"]
[EventDate "1995.??.??"]
[EventType "tourn"]
[EventRounds "9"]
[EventCountry "FRA"]
[SourceTitle "EXT 2005"]
[Source "ChessBase"]
[SourceDate "2004.11.15"]
[SourceVersion "1"]
[SourceVersionDate "2004.11.15"]
[SourceQuality "1"]

1. Nf3 d6 2. c4 e5 3. Nc3 g6 4. g3 Bg7 5. Bg2 f5 6. d3 Nf6 7. 0-0 0-0 8. Qc2 a5 9. Rb1 Nc6 10. a3 Kh8 11. b4 h6 12. b5 Ne7 13. h4 f4 14. e4 Bg4 15. Nh2 Qc8 16. gxf4 exf4 17. f3 Bh3 18. Nd5 Nexd5 19. cxd5 Nh5 20. Bb2 Bxg2 21. Bxg7+ Kxg7 22. Qxg2 Ng3 23. Rf2 Qd8 24. Qh3 Qf6 25. Nf1 Nxf1 26. Rfxf1 Qd4+ 27. Kh1 Qxd3 28. a4 Qd4 29. Ra1 Rf7 30. Qg4 h5 31. Qh3 Rg8 32. Rg1 Kh6 33. Ra2 Qc4 34. Rgg2 Rfg7 35. Rgc2 Qd3 36. Rd2 Qb1+ 37. Kh2 Qe1 38. Rg2 Qc3 39. Rg5 Qb3 40. Qg2 Rc8 41. Qe2 Re8 42. Rg2 Re5 43. Rb2 Qxa4 44. Qd2 Rf7 45. b6 c6 46. dxc6 Qxc6 47. Rg1 d5 48. Qxa5 Qf6 49. Rg5 Rxg5 50. hxg5+ Qxg5 51. Rg2 Qh4+ 52. Kg1 dxe4 53. fxe4 f3 0-1

[Event "Provence-ch access Vitrolles 9596"]
[Site "France"]
[Date "1995.??.??"]
[Round "8"]
[White "Wilfert, Fabrice"]
[Black "Vivian, J."]
[Result "1-0"]
[WhiteElo "1860"]
[BlackElo "1720"]
[PlyCount "37"]
[EventDate "1995.??.??"]
[EventType "tourn"]
[EventRounds "9"]
[EventCountry "FRA"]
[SourceTitle "EXT 2005"]
[Source "ChessBase"]
[SourceDate "2004.11.15"]
[SourceVersion "1"]
[SourceVersionDate "2004.11.15"]
[SourceQuality "1"]

1. e4 c5 2. d4 cxd4 3. c3 Nf6 4. e5 Nd5 5. Nf3 Nc6 6. Bc4 Nb6 7. Bb3 e6 8. cxd4 Be7 9. Nc3 a6 10. Be3 0-0 11. 0-0 Na5 12. Bc2 f5 13. exf6 Bxf6 14. Ne5 Qe8 15. Qd3 Qh5 16. Ne4 Nd5 17. Ng3 Qh4 18. Nf3 Nb4 19. Qc3 1-0

[Event "Provence-ch Majeur op 9495"]
[Site "France"]
[Date "1994.??.??"]
[Round "5"]
[White "Vivian, J."]
[Black "Hurtevent, A."]
[Result "1-0"]
[WhiteElo "1730"]
[BlackElo "1700"]
[PlyCount "93"]
[EventDate "1994.??.??"]
[EventType "swiss"]
[EventRounds "9"]
[EventCountry "FRA"]
[SourceTitle "EXT 2005"]
[Source "ChessBase"]
[SourceDate "2004.11.15"]
[SourceVersion "1"]
[SourceVersionDate "2004.11.15"]
[SourceQuality "1"]

1. Nf3 Nf6 2. b3 c5 3. Bb2 e6 4. e3 Be7 5. Be2 b6 6. 0-0 Bb7 7. d3 0-0 8. Nbd2 d6 9. c4 Nbd7 10. Qc2 Rc8 11. a3 Qc7 12. Bc3 Qb8 13. b4 Rfe8 14. d4 Bf8 15. Bd3 g6 16. Qb2 Bg7 17. Rab1 e5 18. dxe5 dxe5 19. e4 Nh5 20. g3 Bf6 21. Rfe1 Ng7 22. Nf1 Ne6 23. Ne3 Nd4 24. Bxd4 cxd4 25. Nd5 Bg7 26. Nh4 Nf6 27. Rbc1 Nd7 28. Qd2 Bxd5 29. cxd5 Rxc1 30. Rxc1 Rc8 31. Rc6 Rxc6 32. dxc6 Nf8 33. Qc2 Qc7 34. Qc4 Ne6 35. Qd5 a5 36. Nf3 Kf8 37. Nd2 axb4 38. axb4 Ke8 39. Nc4 Ke7 40. Bc2 Nd8 41. Ba4 Ne6 42. Qb5 Kd8 43. Nxb6 Qb8 44. Qa5 Nc7 45. Nd5 Bf8 46. b5 Kc8 47. b6 1-0

[Event "Provence-ch access Vitrolles 9394"]
[Site "France"]
[Date "1993.??.??"]
[Round "2"]
[White "Vivian, J."]
[Black "Roger, Patrick"]
[Result "1/2-1/2"]
[WhiteElo "1720"]
[BlackElo "1750"]
[PlyCount "53"]
[EventDate "1993.??.??"]
[EventType "tourn"]
[EventRounds "9"]
[EventCountry "FRA"]
[SourceTitle "EXT 2005"]
[Source "ChessBase"]
[SourceDate "2004.11.15"]
[SourceVersion "1"]
[SourceVersionDate "2004.11.15"]
[SourceQuality "1"]

1. Nf3 d5 2. b3 Nf6 3. Bb2 c5 4. e3 Nc6 5. Bb5 Bd7 6. 0-0 e6 7. d3 Bd6 8. c4 0-0 9. Nbd2 Re8 10. Bxc6 Bxc6 11. Ne5 Nd7 12. Ndf3 Nxe5 13. Nxe5 Qg5 14. Nxc6 bxc6 15. f4 Qh6 16. Rf3 e5 17. fxe5 Bxe5 18. Bxe5 Rxe5 19. Rh3 Qe6 20. Qf3 Re8 21. Re1 Qg6 22. Qd1 Rg5 23. Qe2 Qe6 24. Rf3 Re5 25. Qf2 Re7 26. Qg3 Re8 27. Qf2 1/2-1/2